000 00527 a2200145 4500
020 _a9054101644
082 _a624.15136 SOB
100 _aSobolevsky, Dmitry Yu.,
245 _aStrength of dilating soil and load-holding capacity of deep foundations :
_bintroduction to theory and practical application /
_cDmitry Yu. Sobolevsky.
260 _aRotterdam ;
_aBrookfield, Vt. :
_bA.A. Balkema,
_c1995.
300 _ax, 244 p. :
_bill. ;
_c25 cm.
650 _aSoils
_xTesting.
650 _aSwelling soils.
650 _aSoil mechanics.
650 _aFoundations.
999 _c1136
_d1136